Republics of Russia - Statistics

General Stats
  • This quiz has been taken 1,198 times
  • The average score is 12 of 21
Answer Stats
Federal District Capital Answer % Correct
North Caucasian Grozny Chechnya
87%
North Caucasian Makhachkala Dagestan
76%
Far Eastern Yakutsk Sakha (Yakutia)
73%
Volga Kazan Tatarstan
72%
North Caucasian Vladikavkaz North Ossetia-Alania
65%
Siberian Gorno-Altaysk Altai
58%
Northwestern Petrozavodsk Karelia
58%
North Caucasian Magas Ingushetia
56%
Siberian Kyzyl Tuva
55%
Volga Yoshkar-Ola Mari El
52%
Southern Elista Kalmykia
51%
Volga Ufa Bashkortostan
50%
Siberian Ulan-Ude Buryatia
50%
Northwestern Syktyvkar Komi
50%
Southern Maykop Adygea
47%
North Caucasian Cherkessk Karachay–Cherkessia
47%
North Caucasian Nalchik Kabardino-Balkaria
46%
Volga Izhevsk Udmurtia
45%
Volga Cheboksary Chuvashia
44%
Volga Saransk Mordovia
43%
Siberian Abakan Khakassia
35%
No matching quizzes found
Score Distribution
Percent of People with Each Score
Percentile by Number Answered
Your Score History
You have not taken this quiz